Performance of deep foundations under seismic loading : (Record no. 549921)

000 -LEADER
fixed length control field 00928cam a2200193 a 4500
020 ## - INTERNATIONAL STANDARD BOOK NUMBER
International Standard Book Number 0784401209
082 00 - DEWEY DECIMAL CLASSIFICATION NUMBER
Classification number 624.1762
Author Mark PER
245 00 - TITLE STATEMENT
Title Performance of deep foundations under seismic loading :
Remainder of title proceedings of sessions sponsored by the Deep Foundations and Soil Properties Committees of the Geotechnical Engineering Division of the American Society of Civil Engineers in conjunction with the ASCE Convention in San Diego, California, October 22-26, 1995 /
Statement of responsibility, etc. edited by John P. Turner.
260 ## - PUBLICATION, DISTRIBUTION, ETC.
Place of publication, distribution, etc. New York :
Name of publisher, distributor, etc. The Society,
Date of publication, distribution, etc. 1995.
300 ## - PHYSICAL DESCRIPTION
Extent vii, 79 p. :
Other physical details ill. ;
Dimensions 22 cm.
526 ## - STUDY PROGRAM INFORMATION NOTE
Program name 0
Interest level 0
Reading level 0
Title point value 624_176200000000000_PER
650 #0 - SUBJECT ADDED ENTRY--TOPICAL TERM
Topical term or geographic name entry element Earthquake engineering
General subdivision Congresses.
9 (RLIN) 43427
650 #0 - SUBJECT ADDED ENTRY--TOPICAL TERM
Topical term or geographic name entry element Foundations
General subdivision Congresses.
9 (RLIN) 42382
650 #0 - SUBJECT ADDED ENTRY--TOPICAL TERM
Topical term or geographic name entry element MCE
9 (RLIN) 379
700 1# - ADDED ENTRY--PERSONAL NAME
Personal name Turner, John P.
9 (RLIN) 46642
710 2# - ADDED ENTRY--CORPORATE NAME
Corporate name or jurisdiction name as entry element American Society of Civil Engineers.
9 (RLIN) 702
710 2# - ADDED ENTRY--CORPORATE NAME
Corporate name or jurisdiction name as entry element American Society of Civil Engineers.
9 (RLIN) 702
942 ## - ADDED ENTRY ELEMENTS (KOHA)
Source of classification or shelving scheme
Koha item type Book
Holdings
Withdrawn status Lost status Source of classification or shelving scheme Damaged status Not for loan Permanent Location Current Location Date acquired Total Checkouts Total Renewals Full call number Barcode Date last seen Date last checked out Price effective from Koha item type
          Military College of Engineering (MCE) Military College of Engineering (MCE) 10/16/2014 1 1 624.1762 PER MCE-43977 10/17/2014 10/17/2014 10/16/2014 Book
© 2023 Central Library, National University of Sciences and Technology. All Rights Reserved.